Hombre y Dios al encuentro

Furkejuvvon:
Bibliográfalaš dieđut
Váldodahkki: Colomer, Eusebi
Materiálatiipa: Girji
Giella:Undetermined
Almmustuhtton: Barcelona, España Herder 1974
Fáttát:
Fáddágilkorat: Lasit fáddágilkoriid
Eai fáddágilkorat, Lasit vuosttaš fáddágilkora!

MARC

LEADER 00000nam a2200000Ia 4500
008 170316s9999 xx 000 0 und d
090 |a 230 C-3h 
100 |a Colomer, Eusebi 
245 |a Hombre y Dios al encuentro 
260 |a Barcelona, España 
260 |b Herder 
260 |c 1974 
300 |a 477 páginas 
650 |a TEOLOGÍA 
999 |c 17992  |d 17992 
040 |a cru BVZT 
942 |c 15 D  |h 230 C-3h  |2 z